Science Quiz

Random Science or Astronomy Quiz

'E' in Science Quiz Stats

 Plays Quiz Updated Sep 22, 2016

Score 0/20 Timer 05:00
1 Play Today
Question Answer % Correct
What is the surname of the scientist who developed the Theory of Relativity?Einstein
97.5%
The theory of what phenomenon was outlined in Charles Darwin's 1859 book 'On the Origin of Species'?Evolution
94.4%
What term is used to describe a group of organisms whose members have all ceased to exist?Extinct
90.3%
Which inherent property is sometimes referred to as 'stretchiness'?Elasticity
87.3%
Joules, kilowatt-hours, and kilocalories are units of what capacity of physical systems?Energy
87.2%
The obscuring of one celestial body by another is known by what term?Eclipse
84.5%
What is a component of atoms that has a negative charge?Electron
84.5%
What large mammals belong to the only extant family of the order Proboscidea?Elephants
80.9%
What did Dmitri Mendeleev notably arrange by increasing atomic weight to establish an early Periodic Table?Elements
77.5%
What geometric term describes the shape of the orbits of the planets?Ellipse
77.4%
Question Answer % Correct
The transformation of a liquid into a gas by an increase in temperature and/or a decrease in pressure is known by what term?Evaporation
77.3%
What is the term for a rigid external covering of some invertebrates that provides both support and protection?Exoskeleton
75.4%
A fertilized egg cell is referred to by what term until it is referred to as a fetus?Embryo
74.3%
What type of proteins catalyze biochemical reactions?Enzymes
67.1%
What is the term for a biological community of interacting organisms and their physical environment?Ecosystem
66.5%
What quantity is loosely associated with the amount of chaos in a thermodynamic system?Entropy
55.7%
What alkane is comprised of two carbon and six hydrogen atoms?Ethane
49%
What type of object usually consists of a large number of closely spaced turns of wire that create a magnetic field?Electromagnet
46.6%
Le Chatelier's principle states that a chemical system in what state will counteract a change in it?Equilibrium
42.5%
By what technique is a direct current used to drive a non-spontaneous chemical reaction?Electrolysis
30.9%

You're not logged in!

Compare scores with friends on all Sporcle quizzes.
OR
Log In

Show Comments

Extras

Top Quizzes Today


Score Distribution

Your Account Isn't Verified!

In order to create a playlist on Sporcle, you need to verify the email address you used during registration. Go to your Sporcle Settings to finish the process.

Report this User

Report this user for behavior that violates our Community Guidelines.

Details: